Laboratory animal husbandry : (Record no. 11928)

000 -LEADER
fixed length control field 00959cam a2200289 a 4500
001 - CONTROL NUMBER
control field 3332003
005 - DATE AND TIME OF LATEST TRANSACTION
control field 20190211093951.0
008 - FIXED-LENGTH DATA ELEMENTS--GENERAL INFORMATION
fixed length control field 850417s1986 nyua b s001 0 eng
010 ## - LIBRARY OF CONGRESS CONTROL NUMBER
LC control number 85009766
020 ## - INTERNATIONAL STANDARD BOOK NUMBER
International Standard Book Number 0887061370
020 ## - INTERNATIONAL STANDARD BOOK NUMBER
International Standard Book Number 0887061389 (pbk.)
040 ## - CATALOGING SOURCE
Original cataloging agency DLC
Transcribing agency DLC
Modifying agency DLC
050 00 - LIBRARY OF CONGRESS CALL NUMBER
Classification number SF406
Item number .F69 1986
082 00 - DEWEY DECIMAL CLASSIFICATION NUMBER
Classification number 636.08/85
Edition number 19
100 1# - MAIN ENTRY--PERSONAL NAME
Personal name Fox, Michael W.,
Dates associated with a name 1937
245 10 - TITLE STATEMENT
Title Laboratory animal husbandry :
Remainder of title ethology, welfare, and experimental variables /
Statement of responsibility, etc. by Michael W. Fox.
260 ## - PUBLICATION, DISTRIBUTION, ETC. (IMPRINT)
Place of publication, distribution, etc. Albany :
Name of publisher, distributor, etc. State University of New York Press,
Date of publication, distribution, etc. c1986.
300 ## - PHYSICAL DESCRIPTION
Extent xv, 267 p. :
Other physical details ill. ;
Dimensions 24 cm.
500 ## - GENERAL NOTE
General note Includes index.
504 ## - BIBLIOGRAPHY, ETC. NOTE
Bibliography, etc Bibliography: p. 229-260.
650 #0 - SUBJECT ADDED ENTRY--TOPICAL TERM
Topical term or geographic name as entry element Laboratory animals.
650 #0 - SUBJECT ADDED ENTRY--TOPICAL TERM
Topical term or geographic name as entry element Laboratory animals
General subdivision Behavior.
650 #0 - SUBJECT ADDED ENTRY--TOPICAL TERM
Topical term or geographic name as entry element Animal welfare.
650 #0 - SUBJECT ADDED ENTRY--TOPICAL TERM
Topical term or geographic name as entry element Animal experimentation.
906 ## - LOCAL DATA ELEMENT F, LDF (RLIN)
a 7
b cbc
c orignew
d 1
e ocip
f 19
g y-gencatlg
942 ## - ADDED ENTRY ELEMENTS (KOHA)
Source of classification or shelving scheme
Koha item type Hard Covered Materials
Classification part SF 406 .F69 1986
Holdings
Withdrawn status Lost status Source of classification or shelving scheme Damaged status Not for loan Home library Current library Shelving location Date acquired Source of acquisition Total Checkouts Full call number Barcode Date last seen Price effective from Koha item type
          MACHAKOS UNIVERSITY LIBRARY MACHAKOS UNIVERSITY LIBRARY Open shelf 13/07/2016 Donation (BFA)   SF 406 .F69 1986 22090 11/02/2019 13/07/2016 Hard Covered Materials
© Machakos University Library, Along The Highway, Machakos Wote Rd, Machakos, Kenya P.O. Box 136 - 90100 Machakos - Kenya

Tel: ( +254 ) 723 805829 OR Fax : 044-20353 OR Email: library@mksu.ac.ke